000 00600cam a22002171 4500
001 af 49000670
003 DLC
005 20260227110916.0
008 780131s1946 gw 000 0 ger c
010 _aaf 49000670 //r96
015 _aaf49-670*
040 _aYale Univ. Library
_cDLC
_dDLC
050 0 0 _aPN1631
_b.K8
100 1 _aKutscher, Artur,
_d1878-
245 1 0 _aDrama und Theater.
260 _aMünchen,
_bDrei Fichten Verlag
_c[c1946]
300 _a32 p.
_c21 cm.
440 0 _a"Geistiges München," kulturelle und akademische Schriften, 5.
_vHeft
650 0 _aDrama.
650 0 _aMime.
999 _c6690
_d6690